Au/TiO[2] catalysts in solvent free peroxidative oxidation of 1-phenylethanol under mild conditions; Энерго-ресурсоэффективность в интересах устойчивого развития

গ্রন্থ-পঞ্জীর বিবরন
Parent link:Энерго-ресурсоэффективность в интересах устойчивого развития.— 2018.— [С. 351]
সংস্থা লেখক: Национальный исследовательский Томский политехнический университет Исследовательская школа химических и биомедицинских технологий (ИШХБМТ)
অন্যান্য লেখক: Pakrieva E. G. Ekaterina Germanovna, Kolobova E. N. Ekaterina Nikolaevna, German D. Yu. Dmitry Yuryevich, Pestryakov A. N. Aleksey Nikolaevich, Ribeiro A. P. C., Martins L. M. D. R. S., Carabineiro S. A. C.
সংক্ষিপ্ত:Заглавие с экрана
ভাষা:ইংরেজি
প্রকাশিত: 2018
মালা:Зелёная химия
বিষয়গুলি:
অনলাইন ব্যবহার করুন:http://earchive.tpu.ru/handle/11683/52117
বিন্যাস: বৈদ্যুতিক গ্রন্থের অধ্যায়
KOHA link:https://koha.lib.tpu.ru/cgi-bin/koha/opac-detail.pl?biblionumber=628848

MARC

LEADER 00000naa2a2200000 4500
001 628848
005 20250515133541.0
035 |a (RuTPU)RU\TPU\conf\29132 
035 |a RU\TPU\conf\29130 
090 |a 628848 
100 |a 20181214d2018 k y0rusy50 ba 
101 0 |a eng 
102 |a RU 
105 |a y z 101zy 
135 |a drgn ---uucaa 
181 0 |a i  
182 0 |a b 
200 1 |a Au/TiO[2] catalysts in solvent free peroxidative oxidation of 1-phenylethanol under mild conditions  |f E. G. Pakrieva [et al.] 
203 |a Текст  |c электронный 
225 1 |a Зелёная химия 
300 |a Заглавие с экрана 
320 |a [Библиогр.: с. 351 (2 назв.)] 
463 0 |0 (RuTPU)RU\TPU\conf\28968  |t Энерго-ресурсоэффективность в интересах устойчивого развития  |o сборник научных трудов международной научной конференции, г. Томск, 12–16 ноября 2018 г.  |f Национальный исследовательский Томский политехнический университет (ТПУ)  |v [С. 351]  |d 2018 
610 1 |a электронный ресурс 
610 1 |a труды учёных ТПУ 
610 1 |a катализаторы 
610 1 |a окисление 
610 1 |a спирты 
610 1 |a органическая химия 
610 1 |a окислители 
610 1 |a гетерогенные катализаторы 
610 1 |a окружающая среда 
701 1 |a Pakrieva  |b E. G.  |c Chemical Engineer  |c Engineer of Tomsk Polytechnic University  |f 1989-  |g Ekaterina Germanovna  |3 (RuTPU)RU\TPU\pers\33273 
701 1 |a Kolobova  |b E. N.  |c Chemical Engineer  |c design engineer of Tomsk Polytechnic University  |f 1989-  |g Ekaterina Nikolaevna  |3 (RuTPU)RU\TPU\pers\34488  |9 17871 
701 1 |a German  |b D. Yu.  |c Chemical engineer  |c Engineer of Tomsk Polytechnic University  |f 1993-  |g Dmitry Yuryevich  |3 (RuTPU)RU\TPU\pers\42480 
701 1 |a Pestryakov  |b A. N.  |c Chemist  |c Professor of Tomsk Polytechnic University, Doctor of Chemical Science  |f 1963-  |g Aleksey Nikolaevich  |3 (RuTPU)RU\TPU\pers\30471  |9 14796 
701 1 |a Ribeiro  |b A. P. C. 
701 1 |a Martins  |b L. M. D. R. S. 
701 1 |a Carabineiro  |b S. A. C. 
712 0 2 |a Национальный исследовательский Томский политехнический университет  |b Исследовательская школа химических и биомедицинских технологий (ИШХБМТ)  |c (2017- )  |3 (RuTPU)RU\TPU\col\23537 
801 2 |a RU  |b 63413507  |c 20181218  |g RCR 
850 |a 63413507 
856 4 |u http://earchive.tpu.ru/handle/11683/52117 
942 |c BK